000 00290 a2200157 4500
001 174748
020 _a
040 _cMagnum
100 _aCarmargo, Luis
240 1 0 _aAbilio
_lpor
245 1 0 _aAbilio
362 0 _a1899
440 1 _aModerna
697 _aIJ/ANIMAIS
942 _cBK
999 _c174748
_d174748